000
00320nam a22001457a 4500
008
230911b ||||| |||| 00| 0 eng d
020
_a
044486914X
041
_a
eng
080
_a
101
082
_a
101FOL
100
_a
44
101
_a
FILOZ
245
_a
THE PHILOSOPHY OF NEILS BOHR
_c
FOLSE .J.H
942
_2
udc
_c
BK
999
_c
60317
_d
60317